| 000 | 00557nam a22002057a 4500 | ||
|---|---|---|---|
| 999 |
_c14424 _d14424 |
||
| 003 | MIRAKIL | ||
| 005 | 20210617161630.0 | ||
| 008 | 210617b tu ||||| |||| 00| 0 tur d | ||
| 020 | _a9786057017895 | ||
| 040 |
_aTR-AnCHP _cTR-AnCHP |
||
| 041 | _aTur | ||
| 082 |
_a813.42 _bS21y 2021 |
||
| 100 | _aSabahattin Ali | ||
| 245 | 1 | 0 |
_aYeni dünya / _cSabahattin Ali. |
| 260 |
_aİstanbul: _bİlksatır Yayınevi, _c2021. |
||
| 300 |
_a141 s.: _c21 sm. |
||
| 490 | 0 |
_aİlksatır Yayınevi; _v25. |
|
| 650 | 0 |
_919 _aTürk edebiyatı _xÖykü |
|
| 942 |
_2ddc _cBKS |
||